000 00967nam a2200229 a 4500
001 018460
003 BD-ChCU
005 20251130121010.0
008 251130 Ben
020 _a9789849576907
040 _aDLC
_cDLC
_dBD-ChCU
082 0 0 _a৯১০.৪/ইব ২
100 _aবিশ্বাস, মুহম্মদ জালালউদ্দীন
_eঅনুবাদক
_b-
_917152
245 1 0 _aইবনে বতুতার সফর নামা /
_b-
_cমুহম্মদ জালালউদ্দীন বিশ্বাস (অনুবাদক)
250 _a***
260 _aঢাকা :
_bবাংলা একাডেমী মেরিট ফেয়ার প্রকাশন,
_cc২০২৪
300 _a২৬৪পৃ. :
_c২২ সেমি
504 _a- Biblio-
650 0 _aবর্ণনা ও ভ্রমন কাহিনী
_b ভ্রমন কাহিনী
700 1 _a-
942 _2ddc
_cBK
999 _c109965
_d109965